000 01651nam a22001577a 4500
041 _aukr
080 _a09
090 _bМОР
100 _aМорозовська, А. В.
245 _aЕфективність використання інтерактивних методів навчання англійської мови в польських школах
260 _aОстрог
_bКАФ
_c2014
300 _a57
520 _aВступ. Розділ І. Загальна характеристика інтерактивних методів навчання англійської мови. 1.1. Поняття та історія виникнення інтерактивних методик 1.2. Види методів інтерактивного навчання 1.3. Компютерні технології як інтерактивні методи їх ефективність Розділ ІІ.Інтерактивні методи навчання англіської мови в польських школах та їх ефективність. 2.1. Польська система освіти 2.2. Використання інтерактивних методів англійської мови в польських школах 2.3. Дидактичні засади ефективного застосування інтерактивних методів навчання англійської мови Висновки. Список використаних джерел. додатки.
_0методика, інтерактивний метод, Польща
650 _aResearch Papers
999 _c285458
_d285458
942 _cBK